MCU characters by image - D - Statistics

General Stats
  • This quiz has been taken 69 times
  • The average score is 10 of 16
Answer Stats
Picture Answer % Correct
Daredevil
100%
Deadpool
100%
Doctor Strange
100%
Doctor Octopus
95%
Doctor Doom
93%
Drax The Destroyer
93%
Dormammu
78%
Darcy Lewis
59%
Dogpool
56%
Death
51%
Druig
46%
Dreykov
34%
Daisy Jonhson
27%
Deathlok
14%
Daniel Sousa
10%
Dro'ge
3%
No matching quizzes found
Score Distribution
Percent of People with Each Score
Percentile by Number Answered
Your Score History
You have not taken this quiz